[Event "Quebec op"]
[Site "Montreal CAN"]
[Date "2000.07.29"]
[Round "9"]
[White "Rozentalis, Eduardas"]
[Black "Charbonneau, Pascal"]
[Result "1-0"]
[WhiteElo "2553"]
[BlackElo "2408"]
[PlyCount "93"]
[GameId "2160767911653276"]
[EventDate "2000.07.22"]
[EventType "swiss"]
[EventRounds "9"]
[EventCountry "CAN"]

1. e4 c5 2. Nf3 Nc6 3. Bb5 g6 4. O-O Bg7 5. c3 Nf6 6. Re1 O-O 7. d4 d5 8. e5 Ne4 9. Bxc6 bxc6 10. Nbd2 Nxd2 11. Nxd2 cxd4 12. cxd4 c5 13. dxc5 Qc7 14. Qe2 Qxc5 15. Nb3 Qc4 16. Qf3 Bf5 17. Bg5 Be4 18. Qg3 Qc7 19. Bf4 Qc2 20. f3 Bf5 21. Qf2 Rfc8 22. Re2 Qc4 23. Nd4 Bd7 24. b3 Qb4 25. Rd1 a5 26. a4 Qb6 27. Qe3 Rc5 28. Bg5 Rac8 29. Bxe7 Rc3 30. Qf2 Rc1 31. Rde1 Rxe1+ 32. Rxe1 Bxe5 33. Rxe5 Rc1+ 34. Re1 Rxe1+ 35. Qxe1 Qxd4+ 36. Kh1 f6 37. Bd6 f5 38. h3 Qf6 39. Be5 Qb6 40. Qh4 Qe6 41. Bc3 Qb6 42. Bd4 Qe6 43. Qd8+ Be8 44. Qxa5 f4 45. Kh2 h6 46. Qc7 Qf7 47. Qe5 1-0

[Event "Quebec-ch KO"]
[Site "Montreal CAN"]
[Date "2000.07.10"]
[Round "1.1"]
[White "Leveille, Francois"]
[Black "Charbonneau, Pascal"]
[Result "0-1"]
[WhiteElo "2267"]
[BlackElo "2313"]
[PlyCount "74"]
[GameId "2160767911653289"]
[EventDate "2000.07.10"]
[EventType "k.o."]
[EventRounds "3"]
[EventCountry "CAN"]
[SourceTitle "EXT 2001"]
[Source "ChessBase"]
[SourceDate "2000.11.22"]
[SourceVersion "1"]
[SourceVersionDate "2000.11.22"]
[SourceQuality "1"]

1. Nf3 Nf6 2. c4 c5 3. Nc3 e6 4. g3 b6 5. Bg2 Bb7 6. O-O a6 7. e3 Be7 8. b3 O-O 9. Bb2 d6 10. d4 cxd4 11. Nxd4 Qc7 12. e4 Nbd7 13. Rc1 Rac8 14. Kh1 Qb8 15. Qe2 Rfe8 16. f4 Bf8 17. Rce1 Qa8 18. g4 g6 19. f5 exf5 20. gxf5 Bg7 21. fxg6 hxg6 22. Qf3 Ne5 23. Qh3 Rc7 24. Nd5 Nxd5 25. exd5 b5 26. cxb5 Bxd5 27. Bxd5 Qxd5+ 28. Qg2 Qxg2+ 29. Kxg2 axb5 30. Re2 Rc5 31. Ba3 Rd5 32. Nc6 Re6 33. Nd8 Re7 34. Rc1 Bf6 35. Kf1 Ra7 36. Bb2 Bxd8 37. Rc8 Rd7 0-1

[Event "Quebec-ch KO"]
[Site "Montreal CAN"]
[Date "2000.07.11"]
[Round "1.2"]
[White "Charbonneau, Pascal"]
[Black "Leveille, Francois"]
[Result "1/2-1/2"]
[WhiteElo "2313"]
[BlackElo "2267"]
[PlyCount "55"]
[GameId "2160767911653292"]
[EventDate "2000.07.10"]
[EventType "k.o."]
[EventRounds "3"]
[EventCountry "CAN"]
[SourceTitle "EXT 2001"]
[Source "ChessBase"]
[SourceDate "2000.11.22"]
[SourceVersion "1"]
[SourceVersionDate "2000.11.22"]
[SourceQuality "1"]

1. e4 e5 2. Nf3 Nf6 3. Nc3 d6 4. d4 Nbd7 5. Bc4 Be7 6. O-O O-O 7. Re1 c6 8. a4 Qc7 9. h3 b6 10. d5 a6 11. dxc6 Qxc6 12. b3 Bb7 13. Bg5 Qc5 14. Qd3 h6 15. Bxf6 Nxf6 16. g3 Rfc8 17. Nh4 b5 18. axb5 axb5 19. Rxa8 Rxa8 20. Bxb5 d5 21. exd5 Nxd5 22. Ne4 Qc8 23. Bc4 Nb4 24. Qf3 Bxh4 25. Qxf7+ Kh8 26. Nd6 Qc6 27. Qxb7 Qxb7 28. Nxb7 1/2-1/2

[Event "Quebec-ch KO"]
[Site "Montreal CAN"]
[Date "2000.07.15"]
[Round "2.1"]
[White "Charbonneau, Pascal"]
[Black "Khassanov, Marat"]
[Result "1/2-1/2"]
[WhiteElo "2313"]
[BlackElo "2338"]
[PlyCount "51"]
[GameId "2160767911653298"]
[EventDate "2000.07.10"]
[EventType "k.o."]
[EventRounds "3"]
[EventCountry "CAN"]
[SourceTitle "EXT 2001"]
[Source "ChessBase"]
[SourceDate "2000.11.22"]
[SourceVersion "1"]
[SourceVersionDate "2000.11.22"]
[SourceQuality "1"]

1. e4 e5 2. Nf3 Nc6 3. d4 exd4 4. Nxd4 Nf6 5. Nxc6 bxc6 6. e5 Qe7 7. Qe2 Nd5 8. c4 Ba6 9. b3 g5 10. Ba3 d6 11. exd6 Qxe2+ 12. Bxe2 Bg7 13. cxd5 Bxe2 14. Kxe2 Bxa1 15. dxc6 cxd6 16. Nd2 Be5 17. Ne4 Ke7 18. Nxg5 Rac8 19. Nf3 Ke6 20. Rc1 Rc7 21. g3 h6 22. Nd2 Rhc8 23. f4 Bg7 24. f5+ Kxf5 25. Nc4 Rxc6 26. Nxd6+ 1/2-1/2

[Event "Quebec-ch KO"]
[Site "Montreal CAN"]
[Date "2000.07.16"]
[Round "2.2"]
[White "Khassanov, Marat"]
[Black "Charbonneau, Pascal"]
[Result "1-0"]
[WhiteElo "2338"]
[BlackElo "2313"]
[PlyCount "81"]
[GameId "2160767911653301"]
[EventDate "2000.07.10"]
[EventType "k.o."]
[EventRounds "3"]
[EventCountry "CAN"]
[SourceTitle "EXT 2001"]
[Source "ChessBase"]
[SourceDate "2000.11.22"]
[SourceVersion "1"]
[SourceVersionDate "2000.11.22"]
[SourceQuality "1"]

1. d4 d5 2. c4 dxc4 3. Nf3 Nf6 4. Nc3 a6 5. e4 b5 6. e5 Nd5 7. a4 Nxc3 8. bxc3 Qd5 9. g3 Bb7 10. Bg2 Qd7 11. Ba3 g6 12. h4 Bg7 13. h5 O-O 14. Kf1 Bd5 15. Ng5 Bxg2+ 16. Kxg2 Qd5+ 17. f3 Nc6 18. hxg6 fxg6 19. Nxh7 Rfd8 20. Ng5 b4 21. Bxb4 Nxb4 22. cxb4 Qxd4 23. Qxd4 Rxd4 24. f4 Rd2+ 25. Kh3 Bh6 26. Nf3 Rb2 27. Kg4 Bf8 28. Rhb1 Rxb1 29. Rxb1 Rb8 30. b5 axb5 31. axb5 e6 32. Nd4 Ba3 33. Nc6 Re8 34. Ra1 Bb2 35. Ra4 c3 36. Rc4 Ra8 37. Nd4 Rd8 38. Ne2 Rd2 39. Nxc3 Rc2 40. Rxc7 Rxc3 41. b6 1-0

[Event "Quebec-ch KO"]
[Site "Montreal CAN"]
[Date "2000.07.17"]
[Round "2.3"]
[White "Charbonneau, Pascal"]
[Black "Khassanov, Marat"]
[Result "1/2-1/2"]
[WhiteElo "2313"]
[BlackElo "2338"]
[PlyCount "59"]
[GameId "2160767911681974"]
[EventDate "2000.07.10"]
[EventType "k.o."]
[EventRounds "3"]
[EventCountry "CAN"]
[SourceTitle "EXT 2001"]
[Source "ChessBase"]
[SourceDate "2000.11.22"]
[SourceVersion "1"]
[SourceVersionDate "2000.11.22"]
[SourceQuality "1"]

1. e4 e5 2. Nf3 Nc6 3. d4 exd4 4. Nxd4 Nf6 5. Nxc6 bxc6 6. e5 Qe7 7. Qe2 Nd5 8. c4 Ba6 9. b3 O-O-O 10. g3 g5 11. Bb2 Bg7 12. Qe4 f5 13. Qxf5 Rhf8 14. Qe4 Nf6 15. Qe2 Ng4 16. Qxg4 Bxe5 17. Qe2 Bxb2 18. Qxe7 Rde8 19. Qxe8+ Rxe8+ 20. Kd2 Bxa1 21. Bd3 Bd4 22. f3 h6 23. Nc3 Kd8 24. h4 Be5 25. hxg5 hxg5 26. Ne2 Rh8 27. Rxh8+ Bxh8 28. f4 gxf4 29. gxf4 c5 30. Nc3 1/2-1/2

[Event "Quebec-ch KO"]
[Site "Montreal CAN"]
[Date "2000.07.18"]
[Round "2.4"]
[White "Khassanov, Marat"]
[Black "Charbonneau, Pascal"]
[Result "0-1"]
[WhiteElo "2338"]
[BlackElo "2313"]
[PlyCount "96"]
[GameId "2160767911681977"]
[EventDate "2000.07.10"]
[EventType "k.o."]
[EventRounds "3"]
[EventCountry "CAN"]
[SourceTitle "EXT 2001"]
[Source "ChessBase"]
[SourceDate "2000.11.22"]
[SourceVersion "1"]
[SourceVersionDate "2000.11.22"]
[SourceQuality "1"]

1. d4 Nf6 2. Nf3 c5 3. e3 e6 4. Bd3 b6 5. O-O Bb7 6. Nbd2 Be7 7. b3 O-O 8. Bb2 d6 9. Qe2 Nbd7 10. Ba6 Bxa6 11. Qxa6 Nd5 12. Qe2 cxd4 13. Nxd4 Qc7 14. c4 N5f6 15. Rad1 Rfe8 16. Nb5 Qb8 17. Nc3 Nc5 18. b4 Ncd7 19. Nde4 Rd8 20. a3 a6 21. Nxf6+ Nxf6 22. Rd4 Qc7 23. Ne4 Nxe4 24. Rxe4 e5 25. Rg4 f5 26. Rg3 Rac8 27. f4 Qxc4 28. Qh5 Qc2 29. Ba1 Bf6 30. Rh3 h6 31. Rg3 Rf8 32. Qxh6 Qe4 33. Qg6 Rc2 34. h3 Rf7 35. fxe5 dxe5 36. Qxf5 Qxf5 37. Rxf5 Rc1+ 38. Rf1 Rfc7 39. Rgf3 e4 40. Rxf6 gxf6 41. Bd4 b5 42. Rxc1 Rxc1+ 43. Kf2 Kf7 44. g4 Kg6 45. h4 Rh1 46. Kg3 Rf1 47. Bc5 f5 48. gxf5+ Kxf5 0-1

[Event "Quebec-ch KO"]
[Site "Montreal CAN"]
[Date "2000.07.18"]
[Round "2.5"]
[White "Charbonneau, Pascal"]
[Black "Khassanov, Marat"]
[Result "1-0"]
[WhiteElo "2313"]
[BlackElo "2338"]
[PlyCount "99"]
[GameId "2160767911681978"]
[EventDate "2000.07.10"]
[EventType "k.o."]
[EventRounds "3"]
[EventCountry "CAN"]
[SourceTitle "EXT 2001"]
[Source "ChessBase"]
[SourceDate "2000.11.22"]
[SourceVersion "1"]
[SourceVersionDate "2000.11.22"]
[SourceQuality "1"]

1. e4 e5 2. Nf3 Nc6 3. d4 exd4 4. Bc4 d6 5. Nxd4 Be7 6. O-O Nf6 7. Nc3 O-O 8. Re1 Ng4 9. h3 Nge5 10. Nxc6 bxc6 11. Bb3 Be6 12. f4 Bxb3 13. axb3 Ng6 14. Qd3 Bf6 15. Be3 Re8 16. Qc4 Bxc3 17. bxc3 c5 18. Rad1 Qh4 19. Rf1 Qe7 20. e5 Rad8 21. Rd3 dxe5 22. Bxc5 Qh4 23. Bf2 Qe7 24. Rxd8 Rxd8 25. f5 Nf4 26. Be3 Nd5 27. Bxa7 Nf6 28. Be3 h6 29. Re1 Qd7 30. Rf1 c6 31. Qc5 Nd5 32. Bc1 f6 33. c4 Ne7 34. g4 Re8 35. Ba3 Qd2 36. Qf2 Qc3 37. Kg2 Qa5 38. Bc5 Kf7 39. Rd1 Rd8 40. Bb6 Qxb6 41. Qxb6 Rxd1 42. Qe3 Rd7 43. b4 Rb7 44. c3 Nc8 45. Qc5 Re7 46. Qxc6 Na7 47. Qd5+ Ke8 48. c5 e4 49. Kf2 e3+ 50. Ke2 1-0

[Event "Quebec-ch KO"]
[Site "Montreal CAN"]
[Date "2000.07.18"]
[Round "2.6"]
[White "Khassanov, Marat"]
[Black "Charbonneau, Pascal"]
[Result "1/2-1/2"]
[WhiteElo "2338"]
[BlackElo "2313"]
[PlyCount "94"]
[GameId "2160767911681979"]
[EventDate "2000.07.10"]
[EventType "k.o."]
[EventRounds "3"]
[EventCountry "CAN"]
[SourceTitle "EXT 2001"]
[Source "ChessBase"]
[SourceDate "2000.11.22"]
[SourceVersion "1"]
[SourceVersionDate "2000.11.22"]
[SourceQuality "1"]

1. d4 Nf6 2. c4 e6 3. Nc3 Bb4 4. Bg5 h6 5. Bh4 c5 6. d5 Bxc3+ 7. bxc3 d6 8. Nf3 e5 9. Qc2 Nbd7 10. e3 Qe7 11. Nd2 Kd8 12. Bd3 Kc7 13. O-O g5 14. Bg3 Re8 15. f3 Nh5 16. Bf5 Ndf6 17. Bxc8 Raxc8 18. Rab1 Rg8 19. Nb3 b6 20. Qb2 Nxg3 21. hxg3 g4 22. Qa3 Kd8 23. Kf2 Rc7 24. Na5 bxa5 25. Rb8+ Rc8 26. Rfb1 Rxb8 27. Rxb8+ Kc7 28. Rb5 Rb8 29. Qxa5+ Kc8 30. Qa6+ Rb7 31. Qc6+ Rc7 32. Qa8+ Kd7 33. Qh8 Qd8 34. Qxh6 Ke7 35. Rb1 Qf8 36. Qh4 Qg7 37. e4 Qh7 38. Qg5 Qh5 39. Qxh5 Nxh5 40. fxg4 Nf6 41. Kf3 Nh7 42. Ke3 Kd7 43. Rf1 Ke7 44. Rb1 Kd7 45. Rh1 Nf8 46. g5 Rb7 47. Rh8 Ke7 1/2-1/2

[Event "Quebec-ch KO"]
[Site "Montreal CAN"]
[Date "2000.07.24"]
[Round "3.1"]
[White "Charbonneau, Pascal"]
[Black "Mikanovic, Goran"]
[Result "1-0"]
[WhiteElo "2313"]
[BlackElo "2318"]
[PlyCount "107"]
[GameId "2160767911681980"]
[EventDate "2000.07.10"]
[EventType "k.o."]
[EventRounds "3"]
[EventCountry "CAN"]
[SourceTitle "EXT 2001"]
[Source "ChessBase"]
[SourceDate "2000.11.22"]
[SourceVersion "1"]
[SourceVersionDate "2000.11.22"]
[SourceQuality "1"]

1. e4 c5 2. Nf3 e6 3. d4 cxd4 4. Nxd4 Nc6 5. Nc3 Qc7 6. g3 a6 7. Bg2 Nf6 8. O-O Be7 9. Kh1 O-O 10. f4 d6 11. Be3 Bd7 12. h3 Nxd4 13. Qxd4 Bc6 14. g4 b5 15. a3 Nd7 16. Qd2 Nb6 17. b3 Bb7 18. Ne2 Rac8 19. Nd4 Nd7 20. b4 Nb6 21. Bg1 Na4 22. f5 e5 23. f6 exd4 24. Bxd4 Rfe8 25. Qg5 Bf8 26. fxg7 Be7 27. Qh5 Bd8 28. Rf4 Re5 29. Bxe5 dxe5 30. Rf5 Nc3 31. Re1 Qc4 32. Kh2 Rc7 33. Rxe5 Be7 34. Qh6 Rc6 35. Qf4 Rf6 36. Qg3 Re6 37. Rxe6 Qxe6 38. Qxc3 Bh4 39. Rf1 Bxe4 40. Qe3 Qd6+ 41. Qf4 Qxf4+ 42. Rxf4 Bxc2 43. Bb7 Be7 44. Rf3 Kxg7 45. Bxa6 Be4 46. Rf1 Bc6 47. Rf5 Bd7 48. Rd5 Bc6 49. Rh5 Kg6 50. Bxb5 Be4 51. Bd7 Kf6 52. Kg3 Bd6+ 53. Kf2 Ke7 54. Bf5 1-0

[Event "Quebec-ch KO"]
[Site "Montreal CAN"]
[Date "2000.07.25"]
[Round "3.2"]
[White "Mikanovic, Goran"]
[Black "Charbonneau, Pascal"]
[Result "0-1"]
[WhiteElo "2318"]
[BlackElo "2313"]
[PlyCount "48"]
[GameId "2160767911681981"]
[EventDate "2000.07.10"]
[EventType "k.o."]
[EventRounds "3"]
[EventCountry "CAN"]
[SourceTitle "EXT 2001"]
[Source "ChessBase"]
[SourceDate "2000.11.22"]
[SourceVersion "1"]
[SourceVersionDate "2000.11.22"]
[SourceQuality "1"]

1. d4 d5 2. c4 dxc4 3. e3 Nf6 4. Bxc4 e6 5. Nf3 c5 6. O-O a6 7. a4 Nc6 8. Qe2 Qc7 9. Rd1 Bd6 10. Nc3 O-O 11. h3 b6 12. dxc5 Bxc5 13. e4 Nd7 14. Bg5 h6 15. Bh4 g5 16. Bg3 Qxg3 17. b4 Nxb4 18. Rab1 Nc6 19. Rd3 Qf4 20. Rxd7 Bxd7 21. Rd1 Ne5 22. Nxe5 Qxe5 23. Rxd7 Qxc3 24. h4 Rad8 0-1

[Event "Quebec-ch KO"]
[Site "Montreal CAN"]
[Date "2000.07.26"]
[Round "3.3"]
[White "Charbonneau, Pascal"]
[Black "Mikanovic, Goran"]
[Result "1-0"]
[WhiteElo "2313"]
[BlackElo "2318"]
[PlyCount "87"]
[GameId "2160767911681982"]
[EventDate "2000.07.10"]
[EventType "k.o."]
[EventRounds "3"]
[EventCountry "CAN"]
[SourceTitle "EXT 2001"]
[Source "ChessBase"]
[SourceDate "2000.11.22"]
[SourceVersion "1"]
[SourceVersionDate "2000.11.22"]
[SourceQuality "1"]

1. e4 c5 2. Nf3 e6 3. c3 Nf6 4. e5 Nd5 5. d4 cxd4 6. cxd4 d6 7. a3 Bd7 8. Bd3 Bc6 9. O-O Nd7 10. Qe2 Be7 11. Bd2 dxe5 12. dxe5 Qb6 13. b4 a6 14. Nc3 Nxc3 15. Bxc3 Rc8 16. Rac1 O-O 17. Rfd1 Nb8 18. Bd4 Qc7 19. Qe3 b5 20. Ng5 Bxg5 21. Qxg5 Qb7 22. Bc5 Rfe8 23. Bd6 Nd7 24. Re1 h6 25. Qg4 Bd5 26. Rcd1 Rc3 27. Re3 f5 28. exf6 Nxf6 29. Qg3 Rec8 30. Bc5 Kh8 31. h3 Rxa3 32. Qg6 Rxc5 33. bxc5 b4 34. Rg3 Qc7 35. Bb1 Rc3 36. Rxc3 bxc3 37. Qg3 Qxc5 38. Rc1 Ne4 39. Qb8+ Kh7 40. Qf4 Qd4 41. Re1 Qd2 42. Bxe4+ Kg8 43. Qe3 Bxe4 44. Qxe4 1-0

[Event "Quebec-ch KO"]
[Site "Montreal CAN"]
[Date "2000.07.27"]
[Round "3.4"]
[White "Mikanovic, Goran"]
[Black "Charbonneau, Pascal"]
[Result "1/2-1/2"]
[WhiteElo "2318"]
[BlackElo "2313"]
[PlyCount "20"]
[GameId "2160767911681983"]
[EventDate "2000.07.10"]
[EventType "k.o."]
[EventRounds "3"]
[EventCountry "CAN"]
[SourceTitle "EXT 2001"]
[Source "ChessBase"]
[SourceDate "2000.11.22"]
[SourceVersion "1"]
[SourceVersionDate "2000.11.22"]
[SourceQuality "1"]

1. d4 d5 2. c4 dxc4 3. e3 Nf6 4. Nf3 e6 5. Bxc4 c5 6. O-O a6 7. dxc5 Bxc5 8. Qxd8+ Kxd8 9. b3 Nbd7 10. Bb2 b6 1/2-1/2

[Event "CYCC U18"]
[Site "Edmonton CAN"]
[Date "2000.07.06"]
[Round "4"]
[White "Hacatoglu, Kevork"]
[Black "Charbonneau, Pascal"]
[Result "0-1"]
[WhiteElo "2412"]
[BlackElo "2372"]
[PlyCount "140"]
[GameId "2160767911703356"]
[EventDate "2000.07.05"]
[EventType "swiss"]
[EventRounds "6"]
[EventCountry "CAN"]
[SourceTitle "CFC 2000.08"]
[Source "CFC"]
[SourceDate "2000.08.??"]
[SourceVersionDate "2000.08.??"]
[SourceQuality "1"]

1. e4 c5 2. Nf3 e6 3. d4 cxd4 4. Nxd4 a6 5. Bd3 Nf6 6. O-O Qc7 7. c4 d6 8. Nc3 Be7 9. Qe2 O-O 10. Kh1 Nc6 11. Nxc6 bxc6 12. f4 Nd7 13. b3 Bb7 14. Bb2 e5 15. f5 Rfe8 16. Rac1 a5 17. Na4 Bg5 18. Rc2 Nf6 19. c5 d5 20. Nb6 Ra7 21. Re1 dxe4 22. Bxe4 Nd5 23. Bxd5 cxd5 24. Bxe5 Qc6 25. Qf2 Ba6 26. Bd6 Rxe1+ 27. Qxe1 d4 28. Nc4 Ra8 29. Qd1 Qe4 30. Re2 Qxf5 31. Re5 Qg6 32. Qxd4 Bb7 33. Re2 Bf6 34. Qd2 Qf5 35. Qe1 h5 36. Ne3 Qd7 37. Nc4 Qg4 38. Ne3 Qd7 39. Nf1 h4 40. Ne3 h3 41. Kg1 hxg2 42. Nxg2 Bd4+ 43. Kh1 Bf3 44. Re7 Qc6 45. Qd2 Bxc5 46. Bxc5 Qxc5 47. Re3 Bb7 48. h3 Rc8 49. Kh2 Qf5 50. Rd3 Kh7 51. Qd1 Be4 52. Rd2 Qe5+ 53. Kg1 Rc3 54. Qg4 Rg3 55. Qh4+ Kg6 56. Re2 f5 57. a3 Rg5 58. Qe1 Qc5+ 59. Kh2 Qd6+ 60. Kg1 Qb6+ 61. Kh2 Qb8+ 62. Kg1 Qxb3 63. Rxe4 fxe4 64. Qxe4+ Kf6 65. Qf4+ Rf5 66. Qd4+ Re5 67. Nf4 Qg3+ 68. Kh1 Kf5 69. Nd3 Qxh3+ 70. Kg1 Qe3+ 0-1

[Event "Quebec-ch U20"]
[Site "Montreal CAN"]
[Date "2000.06.06"]
[Round "1"]
[White "Cormos, Eugene"]
[Black "Charbonneau, Pascal"]
[Result "0-1"]
[WhiteElo "2009"]
[BlackElo "2358"]
[PlyCount "78"]
[GameId "2160767911703484"]
[EventDate "2000.06.06"]
[EventType "tourn"]
[EventRounds "7"]
[EventCountry "CAN"]

1. e4 c5 2. c3 Nf6 3. e5 Nd5 4. d4 cxd4 5. cxd4 d6 6. Nf3 e6 7. a3 Bd7 8. Bd3 Bc6 9. O-O Nd7 10. Qe2 Be7 11. Bd2 dxe5 12. Nxe5 Nxe5 13. dxe5 Bg5 14. Bb5 Rc8 15. Bxc6+ Rxc6 16. Qg4 f6 17. h4 Bxd2 18. Qxg7 Rf8 19. Nxd2 fxe5 20. Nf3 Qf6 21. Qxb7 Rc7 22. Qb5+ Kf7 23. Rac1 Re7 24. Rfe1 Kg8 25. Rxe5 h6 26. Re2 Rg7 27. Ne1 Nf4 28. Rec2 Nh3+ 29. Kh2 Qxh4 30. Qc4 Nf4+ 31. Kg1 Qg5 32. f3 Qg3 33. Qf1 Rg5 34. Rc5 Rg4 35. Qa6 Rh4 36. R5c2 Rh2 37. Qc6 Qh4 38. g3 Qxg3+ 39. Kf1 Rh1# 0-1

[Event "Quebec-ch U20"]
[Site "Montreal CAN"]
[Date "2000.06.06"]
[Round "2"]
[White "Charbonneau, Pascal"]
[Black "Roussel-Roozmon, Thomas"]
[Result "1-0"]
[WhiteElo "2359"]
[BlackElo "2218"]
[PlyCount "59"]
[GameId "2160767911703488"]
[EventDate "2000.06.06"]
[EventType "tourn"]
[EventRounds "7"]
[EventCountry "CAN"]

1. e4 c6 2. d4 d5 3. exd5 cxd5 4. c4 Nf6 5. Nc3 Nc6 6. Nf3 Bg4 7. cxd5 Nxd5 8. Qb3 Nxc3 9. bxc3 Qc7 10. d5 Ne5 11. Bb5+ Bd7 12. Bxd7+ Nxd7 13. O-O Nb6 14. Be3 Rd8 15. Bxb6 axb6 16. c4 g6 17. Qb2 Rg8 18. Qb5+ Rd7 19. Rfe1 Qc5 20. Qa4 Qa5 21. Qb3 Bg7 22. Rab1 Rd6 23. Ng5 Bd4 24. Qd3 Bg7 25. Qh3 Rd8 26. Nxf7 Bc3 27. Rxe7+ Kxe7 28. Qe6+ Kf8 29. Nxd8 Rg7 30. Qc8 1-0

[Event "Quebec-ch U20"]
[Site "Montreal CAN"]
[Date "2000.06.07"]
[Round "3"]
[White "Laframboise, Marc-Andre"]
[Black "Charbonneau, Pascal"]
[Result "0-1"]
[WhiteElo "2084"]
[BlackElo "2358"]
[PlyCount "74"]
[GameId "2160767911703494"]
[EventDate "2000.06.06"]
[EventType "tourn"]
[EventRounds "7"]
[EventCountry "CAN"]

1. c4 e5 2. Nc3 Nf6 3. g3 c6 4. d4 exd4 5. Qxd4 d5 6. Bh3 dxc4 7. Qxc4 Nbd7 8. Bg5 Be7 9. Rd1 Qa5 10. Qh4 Ne5 11. Bxc8 Rxc8 12. Nf3 O-O 13. O-O h6 14. Nxe5 Qxe5 15. Bxf6 Bxf6 16. Qb4 Qc7 17. Ne4 Be7 18. Qc4 Rcd8 19. b4 Qe5 20. Nc5 b5 21. Qc2 Bxc5 22. Qxc5 Qxc5 23. bxc5 Rfe8 24. e3 Kf8 25. Rd6 Rxd6 26. cxd6 Rd8 27. Rd1 f6 28. f4 Kf7 29. f5 Ke8 30. g4 Kd7 31. Kf2 c5 32. h4 Kc6 33. e4 Rxd6 34. Re1 Rd2+ 35. Kf3 Kd6 36. g5 hxg5 37. hxg5 Ke5 0-1

[Event "Quebec-ch U20"]
[Site "Montreal CAN"]
[Date "2000.06.07"]
[Round "4"]
[White "Charbonneau, Pascal"]
[Black "Feoktistov, Dmitri"]
[Result "1-0"]
[WhiteElo "2358"]
[BlackElo "1941"]
[PlyCount "143"]
[GameId "2160767911711688"]
[EventDate "2000.06.06"]
[EventType "tourn"]
[EventRounds "7"]
[EventCountry "CAN"]

1. e4 c6 2. d4 d5 3. exd5 cxd5 4. c4 Nf6 5. Nc3 e6 6. Nf3 Nc6 7. cxd5 Nxd5 8. Bc4 Be7 9. O-O O-O 10. Re1 a6 11. Ne4 Nf6 12. Nc3 Nd5 13. Bb3 b5 14. Qd3 Bb7 15. Nxd5 exd5 16. Bf4 Bf6 17. Ne5 Ne7 18. Ng4 Ng6 19. Nxf6+ Qxf6 20. Be5 Qb6 21. Re3 Rac8 22. Rae1 a5 23. Bc2 f5 24. f4 Kh8 25. Kh1 Qc6 26. Bb1 Ba6 27. Qd1 b4 28. Qh5 Nxe5 29. Rxe5 g6 30. Qh4 Rce8 31. h3 Bb5 32. Re7 Rxe7 33. Rxe7 h5 34. Qe1 Qf6 35. Qe3 Rc8 36. Kh2 Kg8 37. Re6 Qf7 38. Qe5 Re8 39. Rxe8+ Bxe8 40. Bd3 Qd7 41. Qb8 Qc6 42. Ba6 Kh7 43. Qb7+ Qxb7 44. Bxb7 Bf7 45. Kg3 Kg7 46. Kh4 Kf6 47. Bc6 Be6 48. Kg3 Bf7 49. h4 Ke6 50. Kf3 Kd6 51. Bb5 Ke7 52. Ke3 Be8 53. Ba6 Kd6 54. Kd2 Bd7 55. Bb7 Bc6 56. Bc8 Bd7 57. Ba6 Kc7 58. Kc2 Ba4+ 59. Kb1 Bd7 60. Be2 Kb6 61. a3 Bb5 62. Bd1 Bc6 63. Ka2 Bb5 64. Bf3 Bc6 65. Kb3 bxa3 66. Kxa3 Ka6 67. Bd1 Be8 68. Ba4 Bf7 69. Bd7 Kb6 70. Ka4 Kc7 71. Bb5 Kb6 72. b3 1-0

[Event "Quebec-ch U20"]
[Site "Montreal CAN"]
[Date "2000.06.08"]
[Round "5"]
[White "Gottlieb, Jonathan"]
[Black "Charbonneau, Pascal"]
[Result "1/2-1/2"]
[WhiteElo "2043"]
[BlackElo "2358"]
[PlyCount "43"]
[GameId "2160767911711693"]
[EventDate "2000.06.06"]
[EventType "tourn"]
[EventRounds "7"]
[EventCountry "CAN"]

1. e4 c5 2. c3 b6 3. d4 cxd4 4. cxd4 Bb7 5. Nc3 e6 6. Bd3 Nf6 7. Nf3 Bb4 8. Qe2 d5 9. e5 Ne4 10. Bd2 Nxd2 11. Qxd2 Ba6 12. Bxa6 Nxa6 13. Qd3 Nc7 14. Rc1 Qd7 15. O-O Be7 16. Rc2 O-O 17. Rfc1 a5 18. Na4 Qxa4 19. Rxc7 Bd8 20. R7c3 Be7 21. Rc7 Bd8 22. R7c3 1/2-1/2

[Event "Quebec-ch U20"]
[Site "Montreal CAN"]
[Date "2000.06.08"]
[Round "6"]
[White "Charbonneau, Pascal"]
[Black "Masse, Hugues"]
[Result "1-0"]
[WhiteElo "2358"]
[BlackElo "1938"]
[PlyCount "73"]
[GameId "2160767911711696"]
[EventDate "2000.06.06"]
[EventType "tourn"]
[EventRounds "7"]
[EventCountry "CAN"]

1. e4 c5 2. Nf3 d6 3. d4 cxd4 4. Nxd4 Nf6 5. Nc3 g6 6. Be3 Bg7 7. f3 Nc6 8. Qd2 O-O 9. O-O-O d5 10. exd5 Nxd5 11. Nxc6 bxc6 12. Bd4 e5 13. Bc5 Be6 14. Ne4 Rb8 15. Bc4 f5 16. Ng5 e4 17. Bb3 Qf6 18. Bd4 Qxd4 19. Qxd4 Bxd4 20. Rxd4 Bf7 21. fxe4 fxe4 22. Rxe4 h6 23. Nxf7 Kxf7 24. c4 Nf6 25. Re5 Rbe8 26. c5+ Kg7 27. Rhe1 Rxe5 28. Rxe5 Nd5 29. Bxd5 cxd5 30. Rxd5 Rf1+ 31. Kc2 Rf2+ 32. Rd2 Rf5 33. b4 a5 34. a3 axb4 35. axb4 Kf6 36. Kb3 Rf1 37. b5 1-0

[Event "Quebec-ch U20"]
[Site "Montreal CAN"]
[Date "2000.06.09"]
[Round "7"]
[White "Pescarus, Radu"]
[Black "Charbonneau, Pascal"]
[Result "1/2-1/2"]
[WhiteElo "2052"]
[BlackElo "2358"]
[PlyCount "32"]
[GameId "2160767911711702"]
[EventDate "2000.06.06"]
[EventType "tourn"]
[EventRounds "7"]
[EventCountry "CAN"]

1. e4 c5 2. f4 d5 3. exd5 Nf6 4. Bb5+ Bd7 5. Bxd7+ Qxd7 6. c4 e6 7. Qe2 Bd6 8. dxe6 fxe6 9. d3 Nc6 10. Nf3 O-O 11. O-O Rae8 12. Nc3 e5 13. f5 Nd4 14. Qd1 Nxf5 15. Ne4 Nxe4 16. dxe4 Nd4 1/2-1/2

[Event "CAN-ch U20 2000 playoff"]
[Site "Montreal CAN"]
[Date "2000.05.07"]
[Round "1"]
[White "Goldenberg, Danny"]
[Black "Charbonneau, Pascal"]
[Result "0-1"]
[WhiteElo "2321"]
[BlackElo "2379"]
[PlyCount "96"]
[GameId "2160767911716159"]
[EventDate "2000.05.07"]
[EventType "match"]
[EventRounds "1"]
[EventCountry "CAN"]

1. e4 c5 2. Nf3 e6 3. d4 cxd4 4. Nxd4 Nc6 5. Nc3 Qc7 6. Be3 a6 7. Bd3 Nf6 8. O-O b5 9. Nxc6 dxc6 10. a4 Bb7 11. Qe2 Bd6 12. f4 e5 13. f5 Be7 14. b3 Nd7 15. Qf2 Bb4 16. Na2 Be7 17. Rfb1 O-O 18. c4 Rfd8 19. b4 bxc4 20. Bxc4 c5 21. Bd5 Bxd5 22. exd5 Nf6 23. Bxc5 Ng4 24. Qc2 Rxd5 25. Rc1 Bg5 26. Qc4 Nf6 27. Rd1 Rxd1+ 28. Rxd1 Rc8 29. Qxa6 Ne4 30. Qb6 Nxc5 31. Qxc7 Rxc7 32. bxc5 Rxc5 33. Rb1 h5 34. Nb4 Rc4 35. a5 Bd2 36. Nd3 e4 37. Ne5 Rc5 38. Rb8+ Kh7 39. Nxf7 Rxf5 40. Rh8+ Kg6 41. g4 Rxf7 42. gxh5+ Kg5 43. a6 e3 44. Re8 Ra7 45. Kg2 Rxa6 46. Kf3 Rf6+ 47. Ke2 Kxh5 48. Rh8+ Kg4 0-1